Szczegóły MARC21

Charakter i funkcjonowanie zagłębień bezodpływowych w krajobrazie strefy młodoglacjalnej (Pomorze Zachodnie, górna Parsęta) /

003 -Nazwa inst., której nr kontr. jest w polu 001 [,]
    • @
    • Nazwa instytucji, której n kontrolny jest w polu 001
    • NUKAT
005 -DATA I CZAS OSTATNIEJ MODYFIKACJI [,]
    • @
    • pole kontrolne
    • 20241231095620.0
020 -Międzynarod. znormalizowany nr książki - ISBN [ , ]
    • a
    • Numer ISBN
    • 9788376540337 Find
040 -Instytucja sporządzająca opis [ , ]
    • a
    • Instytucja, która sporządziła opis (NP)
    • KAT U/MP
    • c
    • Instytucja, która sporządziła rekord (NP)
    • KAT U/MP
    • d
    • Instytucja, która zmodyfikowała rekord (P)
    • KAT U/MP
    • d
    • Instytucja, która zmodyfikowała rekord (P)
    • POZN U/JRs
    • d
    • Instytucja, która zmodyfikowała rekord (P)
    • KR 93/MSs
    • d
    • Instytucja, która zmodyfikowała rekord (P)
    • SZCZ U/AP
041 -Język dokumentu [0, ]
    • a
    • Język tekstu (P)
    • polski
    • b
    • Język streszczeń lub abstraktu (P)
    • angielski
942 -Rodzaj dokumentu [ , ]
    • c
    • Rodzaj dokumentu
    • Książka
100 -Hasło główne - nazwa osobowa [1, ]
    • a
    • Nazwa osobowa (NP)
    • Major, Maciej
    • c
    • Dopowiedzenie inne niż daty biograficzne (P)
    • (geoekologia).
    • 9
    • KHW
    • 82013
245 -Strefa tytułu i oznaczenia odpowiedzialności [1,0]
    • a
    • Tytuł
    • Charakter i funkcjonowanie zagłębień bezodpływowych w krajobrazie strefy młodoglacjalnej (Pomorze Zachodnie, górna Parsęta) / Find
    • c
    • Pozostałe elementy strefy tytułu i oznaczenia odpowiedzialności (NP)
    • Maciej Major.
246 -Wariant tytułu [1,5]
    • a
    • Tytuł (NP)
    • Nature and functioning of basin without outles in the landscape of a postglacial zone (Western Pomerania, the upper Parsęta River)
260 -Strefa adresu wydawniczego [ , ]
    • a
    • Miejsce wydania (P)
    • Poznań :
    • b
    • Nazwa wydawcy (P)
    • Wydawnictwo Poznańskiego Towarzystwa Przyjaciół Nauk,
    • c
    • Data wydania (P)
    • 2009.
300 -Strefa opisu fizycznego [ , ]
    • a
    • Określenie formy książki i/lub objętość (NP)
    • 176, [1] s. :
    • b
    • Oznaczenie ilustracji (NP)
    • il. ;
    • c
    • Format (NP)
    • 24 cm.
336 -Typ zawartości [ , ]
    • a
    • Termin opisujący typ zawartości
    • Tekst
    • b
    • Kod określający zawartość
    • txt
    • 2
    • Źródło (terminu i kodu)
    • rdacontent
337 -Typ mediów [ , ]
    • a
    • Tryb odtwarzania
    • Bez urządzenia pośredniczącego
    • b
    • Kod typu mediów
    • n
    • 2
    • Źródło (terminu i kodu)
    • rdamedia
338 -Typ/rodzaj nośnika [ , ]
    • a
    • Hasło opisujące typ nośnika
    • Wolumin
    • b
    • Kod typu nośnika
    • nc
    • 2
    • Źródło (terminu i kodu)
    • rdacarrier
490 -Strefa serii i książki wielotomowej - forma nie do wyszukiwania [1, ]
    • a
    • Tytuł (P)
    • Prace Komisji Geograficzno-Geologicznej / Poznańskie Towarzystwo Przyjaciół Nauk. Wydział Matematyczno-Przyrodniczy, Find
    • x
    • ISSN (NP)
    • 0137-9971 ;
    • v
    • Numeracja (P)
    • t. 40
830 -Hasło dodatkowe serii i opisu książki wielotomowej - tytuł ujednolicony/tytuł [ ,0]
    • a
    • Tytuł ujednolicony/tytuł (NP)
    • Prace Komisji Geograficzno-Geologicznej - Poznańskie Towarzystwo Przyjaciół Nauk
    • x
    • ISSN
    • 0137-9771
    • v
    • Oznaczenie tomu (NP)
    • t. 40
    • 9
    • KHW
    • 38600
500 -Uwaga ogólna [ , ]
    • a
    • Uwaga ogólna (NP)
    • Na s. red. błędny ISSN 0137-9971.
504 -Uwaga dot. bibliogr. załącznikowej [ , ]
    • a
    • Uwaga dot. bibliografii załącznikowej
    • Bibliogr. s. 161-171.
546 -Uwaga dot. języka [ , ]
    • a
    • Uwaga dot. języka
    • Streszcz. ang., druga k. tyt. ang.
080 -Uniwersalna Klasyfikacja Dziesiętna [ , ]
    • 2
    • Identyfikator wydania tablic
    • UDC-P058
    • 9
    • UKD
    • 4316
    • a
    • Symbol klasyfikacji
    • 556.1
    • b
    • Dopowiedzenie
    • Cykl hydrologiczny. Ogólny bilans wodny. Właściwości wody. Opady. Parowanie. Retencja. Odpływ.
    • 4
    • UKD2
    • 7642
    • x
    • Poddział wspólny
    • (438)
    • c
    • Dopowiedzenie poddz. wspólnego
    • (Polska).
080 -Uniwersalna Klasyfikacja Dziesiętna [ , ]
    • 2
    • Identyfikator wydania tablic
    • UDC-P058
    • 9
    • UKD
    • 4319
    • a
    • Symbol klasyfikacji
    • 556.3
    • b
    • Dopowiedzenie
    • Hydrologia wód gruntowych (podziemnych). Geohydrologia. Hydrogeologia. Warstwy wodonośne. Źródła. Gospodarka wodami podziemnymi.
    • 4
    • UKD2
    • 7642
    • x
    • Poddział wspólny
    • (438)
    • c
    • Dopowiedzenie poddz. wspólnego
    • (Polska).
080 -Uniwersalna Klasyfikacja Dziesiętna [ , ]
    • 2
    • Identyfikator wydania tablic
    • UDC-P058
    • 9
    • UKD
    • 4261
    • a
    • Symbol klasyfikacji
    • 551.4
    • b
    • Dopowiedzenie
    • Geomorfologia. Formy powierzchni Ziemi. Topografia Ziemi. Paleogeomorfologia
    • 4
    • UKD2
    • 7642
    • x
    • Poddział wspólny
    • (438)
    • c
    • Dopowiedzenie poddz. wspólnego
    • (Polska).
650 -Hasło przedmiotowe [ ,7]
    • a
    • Hasło przedmiotowe
    • Geologia
    • z
    • Określnik geograficzny
    • Polska
    • z
    • Określnik geograficzny
    • Parsęty, Dorzecze.
    • 2
    • Źródło terminu
    • kaba
    • 9
    • KHW
    • 376645
650 -Hasło przedmiotowe [ ,7]
    • a
    • Hasło przedmiotowe
    • Zagłębienia wytopiskowe
    • z
    • Określnik geograficzny
    • Polska
    • z
    • Określnik geograficzny
    • Parsęty, Dorzecze.
    • 2
    • Źródło terminu
    • kaba
    • 9
    • KHW
    • 376646
651 -Hasło przedmiotowe w formie nazwy geograficznej [ ,7]
    • a
    • Nazwa geograficzna
    • Parsęty, Dorzecze (Polska).
    • 2
    • Źródło terminu
    • kaba
    • 9
    • KHW
    • 123243
980 -Symbol UKD [ , ]
    • a
    • UKD
    • 556.1:556.3:551.4](438)
710 -Hasło dodatkowe - nazwa ciała zbiorowego [2, ]
    • a
    • Nazwa ciała zbiorowego lub nazwa geograficzna jako pierwszy element (NP)
    • Poznańskie Towarzystwo Przyjaciół Nauk.
    • b
    • Nazwa jednostki podrzędnej (P)
    • Wydawnictwo.
    • 4
    • Kod relacji
    • pbl
    • 9
    • KHW
    • 61250
920 -ISBN [ , ]
    • a
    • ISBN
    • 978-83-7654-033-7 Find
Numer inwentarzowy Status udost. Lokalizacja Data inwentaryzacji
Z.1167951BG2013-03-01